[Event "Tourn. n9660"]
[Site "www.chess-mail.com"]
[Date "2017.12.29"]
[Round "1"]
[White "Liencam2"]
[Black "Fantomas"]
[WhiteElo "2270"]
[BlackElo "2220"]
[Result "1-0"]
[Round "1"]
1.e4 e6
2.d4 d5
3.Nb1d2 dxe4
4.Nd2xe4 Ng8f6
5.Ne4xf6 Qd8xf6
6.Ng1f3 h6
7.Bf1d3 Bf8d6
8.O-O O-O
9.Qd1e2 Nb8c6
10.Qe2e4 Rf8d8
11.c4 g5
12.Bc1d2 Qf6g7
13.Bd2c3 f5
14.Qe4e3 Qg7e7
15.Rf1e1 Rd8e8
16.h3 Qe7f7
17.d5 Nc6d8
18.c5 Bd6f8
19.dxe6 Nd8xe6
20.Nf3e5 Bf8xc5
21.Ne5xf7 Bc5xe3
22.Nf7xh6 Kh7
23.Nh6xf5 Ne6c5
24.Bd3c2 { resign }
1-0

[Event "Tourn. n9594"]
[Site "www.chess-mail.com"]
[Date "2017.12.29"]
[Round "1"]
[White "Bojan"]
[Black "Churrasca"]
[WhiteElo "2000"]
[BlackElo "2050"]
[Result "1-0"]
[Round "1"]
1.e4 c5
2.Ng1f3 d6
3.a3 Nb8c6
4.Nb1c3 Ng8f6
5.d4 cxd4
6.Nf3xd4 e6
7.Bc1g5 Bf8e7
8.Bf1b5 Bc8d7
9.O-O O-O
10.Nd4xc6 bxc6
11.Bb5d3 Ra8b8
12.b3 h6
13.Bg5h4 g5
14.Bh4g3 Nf6h5
15.Qd1xh5 Kg7
16.f4 f6
17.f5 Bd7e8
18.Qh5g4 e5
19.Nc3a2 h5
20.Qg4e2 a5
21.Rf1d1 h4
22.Bg3f2 Rf8h8
23.h3 Be8h5
24.Qe2d2 Bh5xd1
25.Ra1xd1 d5
26.a4 Be7a3
27.Qd2e2  { time }
1-0

[Event "Tourn. n9655"]
[Site "www.chess-mail.com"]
[Date "2017.12.29"]
[Round "1"]
[White "Aiko1603"]
[Black "Apdash"]
[WhiteElo "2080"]
[BlackElo "2220"]
[Result "1-0"]
[Round "1"]
1.c4 e6
2.Nb1c3 Ng8f6
3.g3 d5
4.cxd5 exd5
5.d4 c6
6.Bf1g2 Bf8b4
7.Bc1d2 Bc8f5
8.Ng1f3 Nb8d7
9.O-O O-O
10.a3 Bb4d6
11.Bd2g5 Qd8c7
12.Nf3h4 Bf5g6
13.Nh4xg6 fxg6
14.b4 a5
15.bxa5 Ra8xa5
16.Qd1b3 Kh8
17.a4 Rf8a8
18.Rf1c1 Qc7d8
19.e4 dxe4
20.Nc3xe4 Qd8c7
21.Ne4xd6 Qc7xd6
22.Bg5f4 Qd6xd4
23.Qb3xb7 Ra5xa4
24.Ra1xa4 Ra8xa4
25.Bg2xc6 Ra4b4
26.Qb7c8 Nf6g8
27.Bc6xd7 Rb4b2
28.Bf4e3 Qd4d6
29.Bd7e6 Rb2b8
30.Qc8c4 h5
31.Be3f4 { resign }
1-0

[Event "Tourn. n9552"]
[Site "www.chess-mail.com"]
[Date "2017.12.29"]
[Round "1"]
[White "Susov"]
[Black "Robinjut"]
[WhiteElo "1780"]
[BlackElo "1680"]
[Result "1-0"]
[Round "1"]
1.e4 e5
2.Ng1f3 d6
3.Bf1c4 Bc8e6
4.Bc4xe6 fxe6
5.Nb1c3 a6
6.d4 Nb8d7
7.d5 Qd8f6
8.Nf3g5 exd5
9.Nc3xd5 Qf6g6
10.Nd5xc7 Ke7
11.Nc7xa8 Nd7f6
12.Qd1f3 h6
13.Ng5h3 Nf6xe4
14.Na8c7 Ng8f6
15.c4 Ne4c5
16.O-O e4
17.Qf3g3 Qg6f5
18.Nh3f4 Nf6h5
19.Nc7d5 Kd7
20.Qg3h3 Qf5xh3
21.Nf4xh3 Bf8e7
22.Nh3f4 Nh5xf4
23.Bc1xf4 Nc5d3
24.Nd5xe7 Kxe7
25.Bf4c1 g5
26.b3 Rh8f8
27.Bc1e3 Nd3e5
28.Ra1d1 Rf8f6
29.Be3d4 h5
30.Rf1e1 Rf6e6
31.Bd4xe5 Re6xe5
32.Rd1d4 Ke6
33.Rd4xe4 Kf5
34.Re4xe5 dxe5
35.f3 g4
36.Re1e4 { resign }
1-0

[Event "Tourn. n9594"]
[Site "www.chess-mail.com"]
[Date "2017.12.29"]
[Round "1"]
[White "Churrasca"]
[Black "Fantomas"]
[WhiteElo "2050"]
[BlackElo "2120"]
[Result "0-1"]
[Round "1"]
1.e4 e5
2.Ng1f3 Ng8f6
3.Nf3xe5 Qd8e7
4.Ne5f3 Nf6xe4
5.Bf1e2 Ne4g5
6.Nf3xg5 Qe7xg5
7.O-O d6
8.Rf1e1 Bf8e7
9.d4 Qg5f6
10.Nb1c3 c6
11.Nc3e4 Qf6h4
12.Be2f3 Bc8e6
13.g3 Qh4h3
14.Bf3g2 Qh3f5
15.d5 cxd5
16.Ne4c3 Nb8c6
17.Nc3xd5 O-O-O
18.Nd5xe7 Nc6xe7
19.Qd1d4 Kb8
20.Bc1e3 b6
21.c4 Qf5e5
22.Ra1d1 Ne7f5
23.Qd4xe5 dxe5
24.c5 Nf5xe3
 { time }
0-1

[Event "Tourn. n9646"]
[Site "www.chess-mail.com"]
[Date "2017.12.29"]
[Round "1"]
[White "Francesco"]
[Black "Apdash"]
[WhiteElo "2160"]
[BlackElo "2200"]
[Result "0-1"]
[Round "1"]
1.e4 e5
2.Ng1f3 Nb8c6
3.Bf1b5 d6
4.O-O Bc8d7
5.d4 exd4
6.Nf3xd4 Ng8f6
7.Rf1e1 Nc6xd4
8.Bb5xd7 Qd8xd7
9.Qd1xd4 c5
10.Qd4d1 O-O-O
11.c4 Qd7c6
12.Nb1c3 h6
13.Nc3d5 Nf6xd5
14.exd5 Qc6d7
15.Bc1f4 g5
16.Bf4g3 Bf8g7
17.Ra1b1 f5
18.f3 Rd8e8
19.b4 Re8xe1
20.Bg3xe1 Qd7e7
21.bxc5 dxc5
22.Qd1a4 Rh8e8
23.Be1f2 Bg7d4
24.Bf2xd4 cxd4
25.h3 Kb8
26.Qa4c2 Qe7e3
27.Qc2f2 Qe3d3
28.Qf2f1 Qd3e3
29.Qf1f2 f4
30.Rb1b3 Qe3c1
31.Kh2 Qc1xc4
32.Qf2b2 Qc4xd5
33.Rb3b5 Qd5d7
34.Rb5b4 Re8d8
35.Kg1 d3
36.Qb2d2 Rd8e8
37.Rb4b3 Re8e3
38.Kf1 Qd7d4
39.Rb3b4 Qd4a1
40.Kf2 Re3e2
{ resign }
0-1

[Event "Tourn. n9502"]
[Site "www.chess-mail.com"]
[Date "2017.12.29"]
[Round "1"]
[White "Sachpat"]
[Black "Krystek23"]
[WhiteElo "2800"]
[BlackElo "2350"]
[Result "1-0"]
[Round "1"]
1.e4 c5
2.Ng1f3 e6
3.d4 cxd4
4.Nf3xd4 Nb8c6
5.Nb1c3 Qd8c7
6.Bf1e2 a6
7.O-O Bf8e7
8.Bc1e3 d6
9.f4 Ng8f6
10.Qd1e1 Bc8d7
11.Qe1g3 O-O
12.Be2f3 Ra8c8
13.Nd4e2 b5
14.a3 b4
15.axb4 Nc6xb4
16.Ra1c1 e5
17.Rf1d1 Rf8e8
18.Rd1d2 Rc8b8
19.Kh1 Nb4c6
20.b3 Nc6b4
21.Rc1d1 Re8d8
22.h3 a5
23.Kh2 Bd7c8
24.Rd1c1 Bc8a6
25.Nc3a4 Ba6b5
26.c4 Bb5xa4
27.bxa4 Nb4c6
28.Ne2c3 exf4
29.Be3xf4 Nc6e5
30.Rd2c2 Ne5g6
31.Nc3b5 Qc7c5
32.Bf4d2 Nf6e8
33.Bd2xa5 Be7g5
34.Ba5d2 Bg5h4
35.Qg3g4 h6
36.Qg4f5 Qc5xf5
37.exf5 Ng6e5
38.Bf3e2 Rb8a8
39.Rc2a2 Ra8a6
40.a5 Bh4f2
41.Nb5c3 Bf2d4
42.g4 Ne5c6
43.Nc3d5 Ra6a7
44.Rc1b1 Rd8a8
45.Rb1b5 Kh7
46.Kg2 Nc6e5
47.Bd2b4 Ra8c8
48.a6 Rc8a8
49.Rb5a5 Ra8c8
50.Ra2d2 Ne5c6
51.Ra5a4 Bd4c5
52.Bb4xc5 dxc5
53.Be2f3 Rc8b8
54.Nd5f6 Ne8xf6
55.Bf3xc6 g5
56.Bc6b7 Kg7
57.Ra4a5 Rb8xb7
58.axb7 Ra7xb7
59.Ra5xc5 Nf6e4
60.Rc5b5 Rb7c7
61.Rd2c2 Ne4d6
62.Rb5b4 Rc7c5
63.Kf3 h5
64.Ke3 hxg4
65.hxg4 Nd6e8
66.Kd4 Rc5c8
67.c5 Rc8d8
68.Ke3 Rd8c8
69.c6 Ne8f6
70.Rb4d4 Nf6e8
71.Ke4 Ne8c7
72.Rd4d7 Kf6
73.Rc2b2 Rc8e8
74.Kd4 Nc7a6
75.Rb2b7 Re8f8
76.c7 Na6xc7
77.Rb7xc7 Kg7
78.Ke5 { resign }
1-0

[Event "Match"]
[Site "www.echecsemail.com"]
[Date "2017.12.29"]
[Round "1"]
[White "Mitja"]
[Black "Bojan"]
[WhiteElo "2040"]
[BlackElo "2060"]
[Result "0-1"]
[Round "1"]
1.d4 d5
2.e3 Bc8d7
3.c3 a6
4.h3 e6
5.Nb1d2 c5
6.dxc5 Bf8xc5
7.Nd2b3 Bd7a4
8.Ng1e2 Qd8b6
9.Ne2d4 Ng8e7
10.Bf1d3 e5
11.Nd4e2 e4
12.Bd3c2 Nb8d7
13.Nb3xc5 Ba4xc2
14.Qd1xc2 Nd7xc5
15.O-O O-O
16.b3 Ra8c8
17.Bc1a3 Rf8e8
18.Ne2d4 Qb6g6
19.Ra1d1 Rc8c7
20.Nd4e2 Re8d8
21.Ne2f4 Qg6g5
22.c4 Nc5e6
23.Nf4xe6 fxe6
24.Qc2e2 Ne7g6
25.cxd5 exd5
26.Ba3b4 Ng6h4
27.Qe2g4 Qg5xg4
28.hxg4 b6
29.Rd1c1 Rd8d7
30.Bb4c3 Rc7c6
31.Bc3e5 Rc6e6
32.Rc1c8 Kf7
33.Be5d4 b5
34.Rf1c1 Nh4g6
35.b4 Ng6e7
36.Rc8c5 Re6g6
37.f3 Ke6
38.Kf2 Rd7d6
39.Rc5c7 Kf7
40.Bd4c5 Rd6e6
41.a3 Ke8
42.Bc5xe7 Re6xe7
43.Rc7c8 Kf7
44.Rc1c6 Rg6xc6
45.Rc8xc6 Re7e6
46.Rc6c7 Re6e7
47.Rc7xe7 Kxe7
48.fxe4 dxe4
49.Kg3 g5
50.Kf2 Kf6
51.g3 Ke5
52.Ke2 Kd5
53.Kd2 Kc4
54.Kc2 h6
55.Kc1 Kd3
56.Kb2 Kxe3
{ resign }
0-1

[Event "Match"]
[Site "www.echecsemail.com"]
[Date "2017.12.29"]
[Round "1"]
[White "Mitja"]
[Black "Bojan"]
[WhiteElo "2040"]
[BlackElo "2090"]
[Result "1-0"]
[Round "1"]
1.d4 c6
2.e3 Ng8f6
3.c3 Qd8b6
4.Qd1b3 Qb6xb3
5.axb3 e6
6.h3 d6
7.Ng1f3 h6
8.Bf1e2 b6
9.b4 Nb8d7
10.Nb1d2 Bc8b7
11.O-O Bf8e7
12.b3 Nf6h7
13.Bc1b2 f6
14.Rf1e1 Kf7
15.Nf3h2 f5
16.f4 g5
17.Re1f1 Nh7f6
18.fxg5 hxg5
19.g4 Rh8xh3
20.gxf5 exf5
21.Nh2f3 Kg6
22.Kf2 Nf6g4
23.Kg2 Ra8h8
24.Rf1g1 Ng4xe3
25.Kf2 Ne3g4
26.Ke1 Ng4e3
27.Ra1xa7 Rh8b8
28.Nd2f1 Ne3d5
29.Kd2 g4
30.Nf3e1 Nd5f4
31.Nf1g3 Be7h4
32.Ng3xf5 Kxf5
33.Be2xg4 Kf6
34.Bg4xd7 Rh3h2
35.Ke3 Nf4d5
36.Kd3 Rh2xb2
37.Rg1f1 Kg6
38.Ne1c2 Rb2xb3
39.Rf1g1 Kh6
40.Ra7a3 Rb3xa3
41.Nc2xa3 Rb8a8
42.Na3b1 Ra8a1
43.Kc2 Bh4f2
44.Rg1h1 Kg5
45.Rh1h2 Bf2h4
46.Rh2g2 Kf4
47.Rg2g4 Kf3
48.Rg4xh4 Nd5f6
49.Rh4h1 Kf4
50.Rh1f1 Kg5
51.Rf1g1 Kh6
52.Bd7f5 Nf6d5
53.Kb2 Ra1a8
54.Rg1g6 Kh5
55.Rg6xd6 Nd5c7
56.Rd6d7 Bb7c8
57.Rd7xc7 Bc8xf5
58.Rc7xc6 Ra8b8
59.Nb1a3 Bf5d7
60.Rc6f6 Kg5
61.Rf6f2 Bd7a4
62.Na3c4 Ba4d7
63.Nc4e5 Bd7f5
64.c4 Rb8c8
65.Kc3 Bf5e6
66.c5 bxc5
67.bxc5 Rc8b8
68.Ne5c4 Be6d5
69.Nc4b6 Bd5e4
70.d5 Be4f5
71.Kd4 Rb8e8
72.c6 Re8e7
73.Rf2g2 Kf4
74.Kc5 Re7e1
75.Nb6d7 Bf5h3
76.Rg2g7 Re1c1
77.Kd6 Ke4
78.Rg7e7 Kf5
79.Kc7 Kg6
80.d6 Bh3g2
81.Nd7e5 Kf6
82.Ne5g4 Kg6
83.Ng4e5 Kf6
84.Re7e8 { resign }
1-0

[Event "1/64 Finale"]
[Site "www.chess-mail.com"]
[Date "2017.12.29"]
[Round "1"]
[White "Szustan"]
[Black "Bluetealeaf"]
[WhiteElo "2560"]
[BlackElo "1700"]
[Result "1-0"]
[Round "1"]
1.e4 e5
2.Ng1f3 f6
3.Nf3xe5 fxe5
4.Qd1h5 g6
5.Qh5xe5 Qd8e7
6.Qe5xh8 Ng8f6
7.Nb1c3 c6
8.d4 Nf6xe4
9.Nc3xe4 d5
10.Bc1g5 Qe7xe4
11.Kd2 Bc8f5
12.Bf1d3 Qe4e6
13.Ra1e1 Qe6xe1
14.Rh1xe1 { resign }
1-0

[Event "Fast Game"]
[Site "www.echecsemail.com"]
[Date "2017.12.29"]
[Round "1"]
[White "Pellix84"]
[Black "Cereus"]
[WhiteElo "1640"]
[BlackElo "1599"]
[Result "0-1"]
[Round "1"]
1.d4 Ng8f6
2.Ng1f3 g6
3.Nb1d2 Bf8g7
4.e4 d6
5.Bf1c4 O-O
6.O-O Nb8c6
7.c3 Nf6d7
8.Qd1b3 Nc6a5
9.Qb3b4 Na5xc4
10.Nd2xc4 c5
11.Qb4b3 cxd4
12.cxd4 b6
13.Nf3g5 Bg7xd4
14.Nc4e3 Bc8b7
15.Ne3g4 Bd4g7
 { time }
0-1

[Event "Tourn. n9612"]
[Site "www.chess-mail.com"]
[Date "2017.12.30"]
[Round "1"]
[White "Libiesse"]
[Black "Claymil"]
[WhiteElo "1890"]
[BlackElo "2070"]
[Result "0-1"]
[Round "1"]
1.d4 d5
2.c4 e6
3.Ng1f3 h6
4.cxd5 exd5
5.Nb1c3 g6
6.Bc1f4 Bf8g7
7.Qd1b3 c6
8.e3 Ng8e7
9.Bf1d3 O-O
10.Qb3a4 b5
11.Nc3xb5 cxb5
12.Qa4xb5 Bc8a6
13.Qb5b3 Ba6xd3
14.Qb3xd3 Ne7f5
15.O-O Nb8c6
16.Ra1c1 Ra8c8
17.Rc1c5 Nc6xd4
18.Rc5xc8 Nd4xf3
19.gxf3 Qd8xc8
20.Qd3xd5 Rf8d8
21.Qd5b3 Nf5h4
22.Kh1 Nh4xf3
{ resign }
0-1

[Event "Tourn. n9483"]
[Site "www.chess-mail.com"]
[Date "2017.12.30"]
[Round "1"]
[White "Falcoale"]
[Black "Andychesston"]
[WhiteElo "2010"]
[BlackElo "2080"]
[Result "1/2-1/2"]
[Round "1"]
1.e4 e5
2.Ng1f3 Nb8c6
3.Bf1c4 d6
4.O-O Bc8g4
5.h3 Bg4h5
6.c3 Ng8f6
7.d3 Nc6a5
8.Bc4b5 c6
9.Bb5a4 b5
10.Ba4c2 Bf8e7
11.b4 Na5b7
12.Nb1d2 O-O
13.Qd1e1 Kh8
14.Nf3h2 Nf6g8
15.Nd2f3 f5
16.Nf3d2 f4
17.Nd2f3 g5
18.d4 Qd8c7
19.Bc2d1 h6
20.Bc1b2 Ra8e8
21.dxe5 dxe5
22.Nh2g4 Bh5xg4
23.hxg4 Ng8f6
24.Ra1b1 Nf6xg4
25.Nf3xg5 Be7xg5
26.Bd1xg4 Bg5h4
27.Rb1d1 Rf8g8
28.Rd1d7 Qc7b8
29.Bg4f5 Rg8g7
30.Rd7xg7 Kxg7
31.Qe1e2 Qb8d6
32.g3 Bh4g5
33.Rf1d1 Qd6f6
34.Kg2 Nb7d6
35.g4 Re8d8
36.f3 Nd6c4
37.Rd1xd8 Qf6xd8
38.Bb2c1 Nc4e3
39.Bc1xe3 fxe3
40.Kf1 a5
41.a3 Bg5f4
42.bxa5 Qd8xa5
43.Qe2d3 Qa5c7
44.Qd3d7 Qc7xd7
45.Bf5xd7 c5
46.Bd7xb5 Kf7
47.a4 Bf4g5
48.a5 Bg5d8
49.a6 Bd8b6
50.c4 Kf6
51.Ke2 Kg5
52.Kxe3 Kh4
53.f4 Kxg4
54.f5 Kg5
55.Kf3 Bb6a7
56.Kg3 h5
57.Bb5c6 h4
58.Kh3 Ba7b8
59.Kh2 Kf6
60.Kh3 Kg5
61.f6 Kxf6
62.Kxh4 Bb8a7
63.Kh5 Ba7b8
64.Kh6 Bb8a7
65.Kh7 Ke7
66.Kg6 Ba7b8
67.Kf5 Kd6
68.Bc6d5 Ke7
69.Kg6 Bb8a7
70.Kf5 Ba7b8
71.Bd5b7 Kd7
72.a7 Bb8xa7
73.Kxe5 Kc7
74.Bb7d5 Kd7
75.Kf6 Ba7b8
76.e5 Kd8
77.e6 Bb8d6
78.Kf5 { draw }
1/2-1/2

[Event "Tourn. n9547"]
[Site "www.chess-mail.com"]
[Date "2017.12.30"]
[Round "1"]
[White "Tonino1"]
[Black "Andychesston"]
[WhiteElo "2170"]
[BlackElo "2030"]
[Result "0-1"]
[Round "1"]
1.d4 d5
2.f4 Ng8f6
3.e3 a6
4.Bf1d3 g6
5.Ng1f3 Bf8g7
6.O-O Bc8g4
7.Nb1d2 O-O
8.h3 Bg4d7
9.Qd1e2 Nf6h5
10.Kh2 f5
11.Nf3e5 Nb8c6
12.c3 Nc6xe5
13.dxe5 e6
14.Qe2f2 Bg7h8
15.g4 fxg4
16.hxg4 Nh5g7
17.Nd2f3 Bd7b5
18.Bd3xb5 axb5
19.Nf3d4 Qd8d7
20.Qf2e2 c6
21.b3 Ra8a6
22.b4 Rf8a8
23.a3 Qd7e7
24.Kh3 Qe7d7
25.e4 Ra6b6
26.Nd4b3 dxe4
27.Nb3c5 Qd7d5
28.Rf1d1 Qd5c4
29.Qe2xc4 bxc4
30.Bc1e3 Rb6a6
31.Nc5xa6 Ra8xa6
32.Rd1d8 Kf7
33.Rd8xh8 h5
34.gxh5 Ng7xh5
35.Rh8xh5 gxh5
36.Kh4 Ra6a8
37.Kxh5 Ra8h8
38.Kg4 Rh8h2
39.a4 Kg6
40.Ra1d1 Rh2g2
41.Kh3 Rg2e2
42.Rd1g1 Kh5
43.Rg1g3 Re2e1
44.Kg2 Re1e2
45.Kf1 Re2c2
46.Be3d4 Kh4
47.Rg3g6 e3
48.Rg6xe6 e2
49.Ke1 Kg3
50.f5 Kf3
 { time }
0-1

[Event "Tourn. n9654"]
[Site "www.chess-mail.com"]
[Date "2017.12.30"]
[Round "1"]
[White "Aniruddhadg"]
[Black "Apdash"]
[WhiteElo "2039"]
[BlackElo "2240"]
[Result "1-0"]
[Round "1"]
1.Ng1f3 d5
2.g3 Ng8f6
3.Bf1g2 c6
4.O-O Bc8g4
5.d3 Nb8d7
6.Qd1e1 e5
7.e4 dxe4
8.dxe4 Bf8c5
9.Nb1d2 Qd8c7
10.h3 Bg4h5
11.Nf3h4 O-O-O
12.a4 g5
13.Nh4f5 Bh5g6
14.Nd2b3 Bg6xf5
15.Nb3xc5 Nd7xc5
16.exf5 h6
17.Qe1e3 Qc7d6
18.b4 Nc5a6
19.b5 Na6b4
20.Qe3xa7 Qd6d4
21.Qa7a8 Kc7
22.Qa8a5 Kd7
23.Ra1b1 Nf6d5
24.bxc6 bxc6
25.Bg2xd5 Nb4xd5
26.Rb1b7 Ke8
27.Bc1a3 Qd4c3
28.Rb7e7 Nd5xe7
29.Qa5xc3 f6
30.Qc3c4 Rh8h7
31.Qc4e6 Rh7f7
32.Ba3xe7 Rf7xe7
33.Qe6g8 Kd7
34.Rf1d1 { resign }
1-0

[Event "Tourn. n9647"]
[Site "www.chess-mail.com"]
[Date "2017.12.30"]
[Round "1"]
[White "Vios"]
[Black "Bojan"]
[WhiteElo "2290"]
[BlackElo "2030"]
[Result "1-0"]
[Round "1"]
1.e4 e5
2.f4 exf4
3.Ng1f3 Bf8c5
4.d4 Bc5b6
5.Bc1xf4 d5
6.e5 h6
7.Nb1c3 Bc8e6
8.Qd1d2 a6
9.O-O-O Ng8e7
10.Kb1 Nb8c6
11.h3 Ne7f5
12.Nc3e2 g5
13.Bf4h2 f6
14.g4 Nf5g7
15.exf6 Qd8xf6
16.Nf3e5 Bb6a5
17.c3 Nc6a7
18.Bf1g2 h5
19.h4 Qf6f2
20.Qd2xg5 Qf2xg2
21.Ne2f4 Qg2e4
22.Ka1 Rh8h7
23.Nf4g6 Ng7f5
24.Qg5f6 Nf5e3
25.Qf6f8 { resign }
1-0

[Event "Tourn. n9660"]
[Site "www.chess-mail.com"]
[Date "2017.12.30"]
[Round "1"]
[White "Mitja"]
[Black "Liencam2"]
[WhiteElo "2060"]
[BlackElo "2270"]
[Result "0-1"]
[Round "1"]
1.d4 Ng8f6
2.e3 c5
3.dxc5 e6
4.c3 Bf8xc5
5.h3 d5
6.Ng1f3 Nb8c6
7.Nb1d2 a6
8.Nd2b3 Bc5e7
9.Nb3d4 Qd8c7
10.Nd4xc6 bxc6
11.Bf1e2 e5
12.b3 a5
13.Bc1b2 Bc8d7
14.c4 Be7b4
15.Kf1 e4
16.Nf3d4 Bb4d6
17.a4 Ra8b8
18.Bb2a3 Bd6xa3
19.Ra1xa3 O-O
20.f4 exf3
21.Nd4xf3 Nf6e4
22.Rh1g1 Qc7d6
23.Ra3a1 Rb8xb3
24.Qd1xb3 Qd6g3
{ resign }
0-1

[Event "Tourn. n9582"]
[Site "www.chess-mail.com"]
[Date "2017.12.30"]
[Round "1"]
[White "Comrade"]
[Black "Greghghs"]
[WhiteElo "2290"]
[BlackElo "2570"]
[Result "0-1"]
[Round "1"]
1.c4 e5
2.Nb1c3 Ng8f6
3.g3 Nb8c6
4.Bf1g2 Bf8c5
5.e3 d5
6.cxd5 Nc6b4
7.d4 exd4
8.exd4 Bc5e7
9.Ng1e2 Nb4xd5
10.Nc3xd5 Nf6xd5
11.Ne2c3 Bc8e6
12.O-O O-O
13.Bc1e3 c6
14.a3 Nd5xe3
15.fxe3 Be6c4
16.Rf1e1 Qd8b6
17.b4 a5
18.Nc3a4 Qb6b5
19.Na4c3 Qb5a6
20.bxa5 Qa6xa5
21.Qd1c2 Ra8a7
22.a4 Be7b4
23.Re1c1 Rf8e8
24.e4 Re8d8
25.d5 g6
26.Nc3d1 cxd5
27.Nd1b2 b5
28.Nb2xc4 dxc4
29.Rc1d1 Ra7d7
30.Bg2f3 Rd7d2
31.Rd1xd2 Rd8xd2
32.Qc2c1 Qa5b6
33.Kh1 Qb6f2
{ resign }
0-1

[Event "Tourn. n9594"]
[Site "www.chess-mail.com"]
[Date "2017.12.30"]
[Round "1"]
[White "Churrasca"]
[Black "Griffo30"]
[WhiteElo "2050"]
[BlackElo "2140"]
[Result "0-1"]
[Round "1"]
1.e4 e6
2.d4 d5
3.Nb1c3 Bf8b4
4.e5 c5
5.a3 Bb4xc3
6.bxc3 Ng8e7
7.f4 O-O
8.Ng1f3 Nb8c6
9.Bc1e3 Ne7f5
10.Be3f2 c4
11.Bf1e2 f6
12.Qd1d2 Bc8d7
13.O-O b5
14.g4 Nf5h6
15.g5 fxg5
16.fxg5 Nh6f5
17.h4 Bd7e8
18.Nf3e1 a6
19.Ne1g2 Nc6e7
20.Ng2f4 Qd8d7
 { time }
0-1

[Event "Tourn. n9628"]
[Site "www.chess-mail.com"]
[Date "2017.12.30"]
[Round "1"]
[White "Vios"]
[Black "Guidom"]
[WhiteElo "2230"]
[BlackElo "2170"]
[Result "1-0"]
[Round "1"]
1.d4 d5
2.Ng1f3 c6
3.c4 e6
4.Nb1c3 Ng8f6
5.Bc1g5 Bf8e7
6.e3 O-O
7.Bf1d3 h6
8.Bg5h4 Nb8d7
9.O-O dxc4
10.Bd3xc4 Nf6d5
11.Bh4g3 Nd7f6
12.Ra1c1 Nd5xc3
13.bxc3 Nf6d5
14.e4 Nd5b6
15.Bc4b3 Be7g5
16.Nf3xg5 Qd8xg5
17.f4 Qg5e7
18.a4 Bc8d7
19.a5 Nb6c8
20.f5 exf5
21.exf5 Qe7e3
22.Kh1 Rf8e8
23.Qd1h5 Re8f8
24.Bg3f4 Qe3e7
25.Bf4xh6 gxh6
26.Qh5g6 Kh8
27.Qg6xh6 Kg8
28.f6 { resign }
1-0

[Event "Tourn. n9664"]
[Site "www.chess-mail.com"]
[Date "2017.12.30"]
[Round "1"]
[White "Bigrezi"]
[Black "Bojan"]
[WhiteElo "2240"]
[BlackElo "2100"]
[Result "1-0"]
[Round "1"]
1.e4 e5
2.Ng1f3 Nb8c6
3.d4 exd4
4.Nf3xd4 Nc6xd4
5.Qd1xd4 Qd8e7
6.Nb1c3 c6
7.Bf1d3 d6
8.Bc1f4 f6
9.Bd3e2 Bc8e6
10.O-O b6
11.Ra1d1 Ra8d8
12.Be2c4 Qe7c7
13.Bc4xe6 Bf8e7
14.Qd4c4 Kf8
15.Nc3b5 Qc7b8
16.Nb5d4 Qb8b7
17.Be6xg8 { resign }
1-0

[Event "Tourn. n9648"]
[Site "www.chess-mail.com"]
[Date "2017.12.30"]
[Round "1"]
[White "Jesmantiz"]
[Black "Coolant"]
[WhiteElo "2210"]
[BlackElo "2350"]
[Result "0-1"]
[Round "1"]
1.d4 Ng8f6
2.e3 d6
3.Bf1d3 Nb8d7
4.f4 e5
5.fxe5 dxe5
6.c3 Bf8d6
7.Ng1e2 O-O
8.Nb1d2 c6
9.O-O Qd8c7
10.Ne2g3 exd4
11.exd4 Bd6xg3
12.hxg3 { time. }
0-1

[Event "Tourn. n9639"]
[Site "www.chess-mail.com"]
[Date "2017.12.30"]
[Round "1"]
[White "Pariolinius"]
[Black "Hansen"]
[WhiteElo "1670"]
[BlackElo "1530"]
[Result "1-0"]
[Round "1"]
1.e4 d5
2.exd5 Qd8xd5
3.Nb1c3 Qd5e5
4.Ng1e2 g5
5.d4 Qe5e6
6.g3 h6
7.Bf1g2 Nb8a6
8.O-O Qe6f5
9.a3 h5
10.Bg2e4 Qf5h3
11.Bc1xg5 h4
12.Be4g2 Qh3g4
13.Bg5xh4 Ng8h6
14.h3 Qg4f5
15.Bg2e4 Qf5e6
16.Ne2f4 Qe6d6
17.Nc3b5 Qd6d7
18.Qd1d3 f5
19.Be4g2 c6
20.Nb5c3 Bf8g7
21.Nf4g6 Bg7xd4
22.Ng6xh8 Bd4xh8
23.Qd3e3 Bh8g7
24.Ra1d1 Qd7c7
25.Rf1e1 Nh6g8
26.Qe3g5 e6
27.Qg5g6 Kf8
28.Rd1d8 Qc7xd8
29.Bh4xd8 Na6c5
30.Re1d1 e5
31.Bd8c7 Ng8e7
32.Rd1d8 
1-0

[Event "Match"]
[Site "www.echecsemail.com"]
[Date "2017.12.30"]
[Round "1"]
[White "Llord"]
[Black "Gambitmiau"]
[WhiteElo "1950"]
[BlackElo "1960"]
[Result "1-0"]
[Round "1"]
1.e4 Nb8c6
2.Bf1c4 Ng8f6
3.Nb1c3 e6
4.Ng1f3 Bf8b4
5.e5 Bb4xc3
6.dxc3 d5
7.exf6 Qd8xf6
8.Bc4b5 Bc8d7
9.O-O a6
10.Bb5xc6 Bd7xc6
11.Rf1e1 O-O
12.Nf3e5 Bc6b5
13.b3 c5
14.a4 Bb5e8
15.Bc1a3 b6
16.b4 c4
17.b5 axb5
18.Ba3xf8 Kxf8
19.axb5 Ra8c8
20.Ra1a6 Rc8b8
21.Ne5c6 Rb8b7
22.Ra6a8 g6
23.Qd1d4 Qf6xd4
24.Nc6xd4 Ke7
25.Re1a1 e5
26.Nd4c6 Be8xc6
27.bxc6 Rb7c7
28.Ra1a7 Kd6
29.Ra7xc7 { resign }
1-0

[Event "Match"]
[Site "www.echecsemail.com"]
[Date "2017.12.30"]
[Round "1"]
[White "Jjmcbride"]
[Black "Dalen"]
[WhiteElo "1630"]
[BlackElo "1499"]
[Result "1-0"]
[Round "1"]
1.e4 c5
2.Bf1c4 f6
3.Bc4xg8 Rh8xg8
4.Qd1h5 g6
5.Qh5xc5 Nb8c6
6.Ng1f3 Qd8b6
7.Qc5c4 e6
8.b3 Bf8c5
9.O-O Nc6e5
10.Nf3xe5 fxe5
11.Nb1c3 Bc5xf2
12.Rf1xf2 Rg8f8
13.Nc3d1 Rf8xf2
14.Nd1xf2 d5
15.exd5 Qb6d6
16.Nf2e4 Qd6xd5
17.Ne4f6 Kf7
18.Nf6xd5 exd5
19.Qc4xd5 Bc8e6
20.Qd5xe5 Ra8d8
21.Bc1b2 Rd8d5
22.Ra1f1 Be6f5
23.Qe5g7 Ke6
24.Rf1e1 Rd5e5
25.Re1xe5 Kd6
26.Bb2a3 Kc6
27.Qg7f6 Kd7
28.Qf6d6 { resign }
1-0

[Event "Match"]
[Site "www.echecsemail.com"]
[Date "2017.12.30"]
[Round "1"]
[White "Ssharp"]
[Black "Mitja"]
[WhiteElo "2270"]
[BlackElo "2040"]
[Result "1-0"]
[Round "1"]
1.e4 d5
2.exd5 Qd8xd5
3.Nb1c3 Qd5d8
4.d4 e6
5.Ng1f3 h6
6.Bf1d3 c6
7.O-O Ng8f6
8.Nc3e2 b6
9.c4 Bc8b7
10.Rf1e1 Bf8e7
11.Bc1d2 Nb8a6
12.Qd1c1 Be7b4
13.Ne2c3 O-O
14.Bd2xh6 gxh6
15.Qc1xh6 Rf8e8
16.Re1e5 { resign }
1-0

[Event "Match"]
[Site "www.echecsemail.com"]
[Date "2017.12.30"]
[Round "1"]
[White "Caspito"]
[Black "Darknight"]
[WhiteElo "1910"]
[BlackElo "1800"]
[Result "1-0"]
[Round "1"]
1.e4 e5
2.Ng1f3 d6
3.d4 exd4
4.Qd1xd4 h6
5.Bf1c4 Nb8c6
6.Bc4xf7 Kxf7
7.Qd4d5 Bc8e6
8.Qd5b5 Ra8b8
9.O-O a6
10.Qb5e2 g5
11.c3 Ng8f6
12.Nb1d2 Bf8e7
13.b3 Qd8g8
14.Rf1e1 Be6g4
15.Qe2c4 Bg4e6
16.Qc4d3 h5
17.e5 Nf6d5
18.Nd2c4 g4
19.Nf3d4 h4
20.Nd4xe6 Kxe6
21.exd6 Kd7
22.Qd3f5 Kd8
23.dxe7 Nd5xe7
24.Bc1g5 Rh8h5
25.Bg5xe7 Nc6xe7
26.Ra1d1 Ke8
27.Qf5xh5 Qg8f7
28.Qh5xh4 Rb8c8
29.Qh4xg4 Rc8a8
30.Qg4d7 Kf8
31.Qd7xc7 b5
32.Re1xe7 Qf7xe7
33.Qc7f4 Qe7f7
34.Qf4xf7 Kxf7
35.Nc4a5 Ke6
36.h4 Kf6
37.g4 Ra8g8
38.g5 Kg6
39.Kh2 Kh5
40.Kh3 Rg8e8
41.Rd1d3 Re8e2
42.f4 Re2xa2
43.b4 Ra2a1
44.f5 Ra1h1
45.Kg3 Rh1xh4
46.f6 Kxg5
47.Rd3f3 Rh4g4
48.Kf2 { resign }
1-0

[Event "1/32 Finale"]
[Site "www.chess-mail.com"]
[Date "2017.12.30"]
[Round "1"]
[White "Gvladutz"]
[Black "George1955"]
[WhiteElo "2560"]
[BlackElo "2670"]
[Result "0-1"]
[Round "1"]
1.e4 c6
2.d4 d5
3.e5 Bc8f5
4.Nb1c3 e6
5.g4 Bf5g6
6.Ng1e2 c5
7.h4 h5
8.Ne2f4 Bg6h7
9.Bf1b5 Nb8c6
10.Nf4xh5 cxd4
11.Bb5xc6 bxc6
12.Qd1xd4 Bh7xc2
13.Bc1g5 Qd8b6
14.Qd4d2 Bc2h7
15.O-O-O Ra8b8
16.Rh1h3 Qb6b4
17.f3 Qb4a5
18.Rd1e1 Rb8b4
19.f4 Ng8e7
20.a3 Rb4c4
21.Bg5xe7 Bf8xe7
22.Nh5xg7 Kd8
23.h5 Kc7
24.Kd1 Rh8b8
25.b4 Qa5a6
26.g5 d4
27.g6 dxc3
28.Rh3xc3 Rb8d8
29.Ng7e8 Kb8
30.Ne8d6 Rc4xc3
31.Qd2xc3 fxg6
32.h6 g5
33.Re1g1 gxf4
34.Kc1 Qa6e2
35.Rg1e1 Qe2g2
36.Qc3d2 Qg2g3
37.Kb2 f3
38.Ka2 Be7xd6
39.exd6 Rd8xd6
40.Qd2c3 Qg3f2
41.Kb3 Rd6d3
42.Qc3xd3 Bh7xd3
43.Re1c1 Qf2d2
44.h7 Bd3xh7
45.Rc1xc6 f2
{ resign }
0-1

[Event "Fast Game"]
[Site "www.echecsemail.com"]
[Date "2017.12.30"]
[Round "1"]
[White "Hennie4820"]
[Black "Pellix84"]
[WhiteElo "1650"]
[BlackElo "1630"]
[Result "1-0"]
[Round "1"]
1.e4 c5
2.Ng1f3 d6
3.d4 cxd4
4.Nf3xd4 Ng8f6
5.Nb1c3 a6
6.Bf1e2 e5
7.Nd4b3 Bc8e6
8.O-O Nb8d7
9.Bc1g5 Bf8e7
10.f4 h6
11.Bg5xf6 Nd7xf6
12.f5 Be6d7
13.h3  { time }
1-0

[Event "Tourn. n9637"]
[Site "www.chess-mail.com"]
[Date "2017.12.31"]
[Round "1"]
[White "Coolant"]
[Black "Numanoid"]
[WhiteElo "2340"]
[BlackElo "2390"]
[Result "0-1"]
[Round "1"]
1.f4 d5
2.Ng1f3 Bc8f5
3.g3 e6
4.Bf1g2 Bf8c5
5.d4 Bc5d6
6.O-O h5
7.Nf3h4 Bf5e4
8.Bg2xe4 dxe4
9.f5 Qd8e7
10.Nb1c3 Ng8f6
11.Bc1g5 Nb8d7
12.Nc3xe4 O-O-O
13.Ne4xd6 Qe7xd6
14.Bg5f4 Qd6b6
15.fxe6 fxe6
16.Nh4g6 Rh8h7
17.Qd1d3 Kb8
18.Qd3c4 Nf6g4
19.Bf4g5 Rd8e8
20.Rf1f7 Ng4e5
21.Ng6xe5 Nd7xe5
22.Qc4a4 Rh7h8
23.Rf7xg7 Ne5c6
24.e3 Qb6xb2
25.Ra1f1 Re8g8
26.Rf1f7 Rg8xg7
27.Rf7xg7 Qb2c1
28.Kg2 Qc1d2
29.Kh3 Qd2f2
30.Bg5f4 h4
31.Kg4 hxg3
32.Rg7xc7 Ka8
33.Rc7xb7 Rh8g8
{ resign }
0-1